| 000 | 01089cam a22003257a 4500 | ||
|---|---|---|---|
| 003 | CHAP | ||
| 005 | 20220817042114.0 | ||
| 008 | 971013s1963 it a r 00010 spa d | ||
| 010 | _a34715 | ||
| 011 | _a35687 | ||
| 035 | _a39803 | ||
| 040 | _cCHAP | ||
| 082 | 0 | 4 |
_a338.19 _bF37pY |
| 110 | 2 | _aFAO | |
| 245 | 1 | 3 |
_aEl abastecimiento mundial : _bposibilidades de aumento |
| 260 |
_aRoma : _bFAO, _c1963 |
||
| 300 |
_a[s. p.] : _bgráfs., ilus., apénd. |
||
| 490 | 0 |
_aFAO. Campaña Mundial contra el hambre. Estudio básico _v; 10 |
|
| 590 |
_aBATCH-UPD _b10 _c20130110 _lUCH01 _h1635 |
||
| 590 |
_aBATCH-UPD _b10 _c20130410 _lUCH01 _h1026 |
||
| 590 |
_aBATCH-UPD _b10 _c20130914 _lUCH01 _h0131 |
||
| 590 |
_aCONVERSION _b10 _c20130109 _lUCH01 _h1319 |
||
| 650 | 1 | 4 |
_aAlimentos _xAbastecimiento. |
| 700 | 0 |
_aPawley, Walter H. _986315 |
|
| 830 | 0 |
_aFAO. Campaña Mundial contra el hambre. Estudio básico _v; 10 _939462 |
|
| 901 | _aBK | ||
| 942 | _cFOLL | ||
| 949 |
_a338.19 F37pY _bBC _cFAO _d-90758 _eFAO1 _h34731 _i39803 _si |
||
| 949 |
_a338.19 F37pY _bBC _cFAO _d-90759 _eTS2 _fc.2 _h41277 _i39803 _si |
||
| 999 |
_c34715 _d34715 |
||